| 000 | 01143nam a2200241Ia 4500 | ||
|---|---|---|---|
| 999 |
_c51014 _d51014 |
||
| 001 | 17971 | ||
| 003 | GE_BSU | ||
| 005 | 20220223114716.0 | ||
| 008 | 181216s2006||||ge |||||||||||||| ||geo|| | ||
| 040 | _cGE_BSU | ||
| 041 | _ageo | ||
| 080 | _a811.353.1(072)+821.353.1(072) ი-53 | ||
| 100 |
_aინასარიძე, მაია _913563 |
||
| 245 |
_aქართული ენისა და ლიტერატურის სწავლების თანამედროვე მეთოდები / _cმაია ინასარიძე, მაია ნაჭყებია ; რედ. კახა გაბუნია. |
||
| 264 |
_aთბილისი : _bსაიმედო, _c2006. |
||
| 300 |
_a268 გვ. ; _bცხრ. ; _c21 სმ. |
||
| 504 | _aბიბლიოგრ.: გვ. 266 | ||
| 653 | _aქართული ენა | ||
| 653 | _aსწავლების მეთოდიკა. | ||
| 700 |
_aნაჭყებია, მაია _eავტორი _913564 |
||
| 700 |
_aგაბუნია, კახა _eრედაქტორი _94175 |
||
| 942 |
_cBK _2udc |
||